000 00442nam a2200205 4500
001 31151
010 _a9727300596
005 20220405165509.0
021 _aPT
090 _a31151
100 _a20100906d1995 a 0pory5003 ba
101 _apor
_cita
102 _aPT
105 _aa z 00 y
930 _lBECRE
675 _a087.5
_vBNL
_zpor
200 1 _a<O >Rato do Campo
210 _cMarus
_d1995
215 _a[8] p.
_d23 cm
990 _cLIVROS